| 000 | 00592nam a2200193 a 4500 | ||
|---|---|---|---|
| 005 | 20140310183200.0 | ||
| 008 | 021204s19uu xx 00 eng d | ||
| 020 | _a1576750116 | ||
| 050 |
_aHM 141 _b.N33 1997 |
||
| 100 | _aNair, Keshavan | ||
| 245 |
_aA Higher standard of leadership : _blessons from the life of Gandhi / _cKeshavan Nair. |
||
| 260 |
_aSan Francisco, CA : _bBerrett-Koeler Publisher, _c1997. |
||
| 300 |
_a157 p. : _c23 cm. |
||
| 521 | _aBSBA | ||
| 650 |
_aLeadership _xmoral and ethical aspects |
||
| 650 | _aGandhi, Mahatma | ||
| 942 |
_cBK _2lcc _kFOR |
||
| 999 |
_c19853 _d19853 |
||